Az adatvizualizáció, mint komplex információk érthetővé tétele

Bibliográfiai részletek
Szerző: Aszódi Dominik
További közreműködők: Kovács Dr. Endre László
Dokumentumtípus: Diplomadolgozat
Kulcsszavak:Adatvizualizáció
Apache Superset
interaktív dashboard
Power BI
üzleti intelligencia
Online Access:http://dolgozattar.uni-bge.hu/60362

MARC

LEADER 00000nta a2200000 i 4500
001 dolg60362
005 20260409150503.0
008 260409suuuu hu om 000 hun d
040 |a BGE Dolgozattár Repozitórium  |b hun 
041 |a hu 
100 1 |a Aszódi Dominik 
245 1 3 |a Az adatvizualizáció, mint komplex információk érthetővé tétele  |c Aszódi Dominik  |h [elektronikus dokumentum] 
520 3 |a A dolgozat célja annak vizsgálata, hogy az adatvizualizáció miként segíti a komplex információk közérthetővé tételét, valamint hogyan támogatja a döntéshozatalt különböző szervezeti környezetekben. A kutatás két adatvizualizációs eszközt, a Power BI-t és az Apache Supersetet hasonlítja össze egy anonimizált, nonprofit szervezettől származó CRM-adatkészlet felhasználásával. A vizsgálat kitér az eszközök technikai sajátosságaira, interaktivitására, testreszabhatóságára és felhasználói élményére. Emellett bemutatja az adatvizualizáció történeti fejlődését és kognitív hátterét is. Az elemzés eredményei rávilágítanak arra, hogy a vizualizáció hatékony eszköz az információfeldolgozásban, ugyanakkor az eltérő platformok különböző előnyöket és korlátokat hordoznak. A dolgozat összegzése kiemeli, hogy a megfelelő vizualizációs technikák és eszközök megválasztása jelentős mértékben hozzájárulhat a gyorsabb, pontosabb és megalapozottabb döntéshozatalhoz. 
695 |a Adatvizualizáció 
695 |a Apache Superset 
695 |a interaktív dashboard 
695 |a Power BI 
695 |a üzleti intelligencia 
700 1 |a Kovács Dr. Endre László  |e ths 
856 4 0 |u http://dolgozattar.uni-bge.hu/60362/1/Az%20adatvizualiz%C3%A1ci%C3%B3%2C%20mint%20komplex%20inform%C3%A1ci%C3%B3k%20%C3%A9rthet%C5%91v%C3%A9%20t%C3%A9tele.pdf  |z Dokumentum-elérés 
856 4 0 |u http://dolgozattar.uni-bge.hu/60362/2/biralatilap_Asz%C3%B3di_Dominik.pdf  |z Dokumentum-elérés